000 00550nam a2200133Ia 4500
008 220216s9999 xx 000 0 und d
100 _aBrend Klaus
245 0 _aEU going all-out for sustainable commodity production
260 _bRubber Asia
_c2013
300 _a110-112
520 _aThe EU, that has formulated the Global Charter on Sustainable Rubber(GCSNR), is making all possible efforts for the successful implementation of the project by holding cunsultationa with all stakeholders and governments
650 _aNatural rubber
942 _cJS
999 _c58876
_d58876